000 00439cam a22001451 4500
082 _a515.24
_bFER
_cL-2, P-5.
100 1 _aFerrar, W. L.
_939252
245 1 2 _aA text-book of convergence,
_cby W. L. Ferrar.
260 _aOxford,
_bThe Clarendon Press,
_c1938.
300 _avi p., 2 l., [3]-192 p.
_bdiagrs.
_c23 cm.
526 _a0
_b0
_c0
_d515_240000000000000_FER
650 0 _aConvergence.
_939253
650 0 _aMCE
_9379
942 _2ddc
_cBK
999 _c543763
_d543763